000 00707nam a2200253Ia 4500
003 OSt
005 20221005092948.0
006 a|||||r|||| 00| 0
007 ta
008 221004b |||||||| |||| 00| 0 eng d
020 _a1572308419
024 _a79765
037 _cTextual
040 _aCRL
_cCRL
_beng
041 _2eng
_aeng
082 _aL7:4:691, P3
100 _aSpaulding William D and others
_9617951
245 0 _aTreatment and rehabilitation of sever mental illness
260 _aNew York
_bThe Guilford Press
_c2003
300 _a386p.
_ccm.
650 _aMEDICINE
942 _hL7:4:691, P3
_cTEXL
_2cc
999 _c999606
_d999606